|
|
|
|
| LEADER |
00587cam a2200169 7i4500 |
| 001 |
0000027795 |
| 005 |
20120808090000.0 |
| 020 |
0 |
0 |
|a 0867302542
|
| 090 |
0 |
0 |
|a AM. N 621.88025
|b DIR
|
| 245 |
0 |
0 |
|a 2011 Directory of home center operators & hardware chains.
|
| 260 |
0 |
0 |
|a Tampa:
|b Chain Store Guide,
|c 2011.
|
| 300 |
# |
# |
|a 1128 p.
|
| 650 |
0 |
0 |
|a Hardware industry --
|x Directories --
|z United States of America
|
| 650 |
0 |
0 |
|a Hardware industry --
|x Directories --
|z Canada
|
| 651 |
0 |
0 |
|a United States of America
|
| 651 |
0 |
0 |
|a Canada
|
| 999 |
|
|
|a B000030678
|b Directories
|c Reference
|e Business Information Centre
|